000 01148nam0a22002531 4500
001 rc\2195089
005 20110829164459.6
035 _a(NLR Aleph) 006485536
090 _a6078290
_c6078290
100 _a20110829d1978 |||y0rusy50 ca
101 0 _arus
102 _aRU
105 _aa c |||||
200 1 _aМетодические указания по курсу измерений в технике связи - разделу курса "Анализаторы спектра"
_fМ-во связи СССР, Моск. электротехн. ин-т связи. Каф. "Измерения в технике связи"
_g[Сост. к. т. н. А.С. Владимиров]
210 _aМосква
_cВЗЭИС
_d1978
215 _a14 с.
_cил.
_d20
320 _aБиблиогр.: с. 14
702 1 _aВладимиров
_bА. С.
_4220
712 0 2 _aМосковский электротехнический ин-т связи
_bКафедра измерений в технике связи
_3RU\NLR\AUTH\889932139
801 0 _aRU
_bNLR
_gpsbo
801 1 _aRU
_bELAR
_2rusmarc
852 _aNLR
_j79-4/7316
942 _cBOOK
980 _aNB